Normal view MARC view
  • Santoni F.

Entry Personal Name

Number of records used in: 1

001 - CONTROL NUMBER

  • control field: 26165

003 - CONTROL NUMBER IDENTIFIER

  • control field: IT-RoPau

005 - DATE AND TIME OF LATEST TRANSACTION

  • control field: 20140522163722.0

008 - FIXED-LENGTH DATA ELEMENTS

  • fixed length control field: 140522|| aca||aabn | a|a d

040 ## - CATALOGING SOURCE

  • Original cataloging agency: IT-RoPau
  • Transcribing agency: IT-RoPau

100 ## - HEADING--PERSONAL NAME

  • Personal name: Santoni F.
  • Miscellaneous information: Codice autore testo/musica SPICS: 28888
  • Relator term: Autore testo/musica
  • Name of part/section of a work: E' apparsa una stella - Vola vola, canzoncina di Natale

670 ## - SOURCE DATA FOUND

  • Source citation: Work cat.: (IT-RoPau)102407: Di Mario Angelo 853, Canzoncine di Natale
CREDITS: SOCIETA' SAN PAOLO Via A.Severo, 58 - ROMA (RM) & PERIODICI SAN PAOLO SRL Via Giotto, 36 MILANO & CISF Via Giotto, 36 MILANO & EDIZIONI SAN PAOLO SRL,  Piazza Soncino, 5 CINISELLO BALSAMO (MI) -- ITALY